000 00667nam a2200193Ia 4500
003 GCL
008 140319s9999 xx 000 0 ara d
040 _aGCL /
_cGCL
082 0 4 _a331.04
_bت س
100 1 _aمركز الاهرام للترجمة والنشر
245 1 0 _aتقرير عن التنمية فى العالم 1993 : الاستثمار فى الصحة /
_cمركز الاهرام للترجمة والنشر
700 1 _aالبنك الدولى للانشاء والتعمير
260 _a[S.N] :
_bمؤسسة الاهرام ،
_c1993
300 _a371 ص
490 _a
650 0 4 _aالبحوث
650 0 4 _aالصحة
942 _2ddc
_cBK
999 _c54594
_d54594